[Event "Tournoi Accession REUNION 2019"]
[Site "Le TAMPON- BRAS PANON- SAINT D"]
[Date "2019.06.08"]
[Round "2.12"]
[White "Leonardy, Batiste"]
[Black "Gallais, Flavien"]
[Result "1/2-1/2"]
[WhiteElo "1147"]
[BlackElo "1275"]
[PlyCount "64"]
[EventDate "2019.??.??"]

1. e4 e5 2. Nf3 Nc6 3. Bc4 Bc5 4. c3 a6 5. O-O b5 6. Bd5 Nge7 7. Nxe5 Nxd5 8.
Nxc6 dxc6 9. exd5 cxd5 10. Re1+ Be6 11. d4 Bd6 12. Qf3 O-O 13. Bf4 Qf6 14. Bxd6
Qxf3 15. gxf3 cxd6 16. Nd2 Rab8 17. b4 Rfc8 18. Re3 a5 19. bxa5 Ra8 20. Nb3 Rc4
21. a3 h6 22. f4 Kh7 23. h4 g5 24. fxg5 hxg5 25. hxg5 Kg6 26. Rg3 Kf5 27. Kf1
Rh8 28. Ke2 Kf4 29. Nd2 Bg4+ 30. Rxg4+ Kxg4 31. Rg1+ Kf5 32. Nxc4 dxc4 1/2-1/2

[Event "Tournoi Accession REUNION 2019"]
[Site "Le TAMPON- BRAS PANON- SAINT D"]
[Date "2019.06.08"]
[Round "2.13"]
[White "Alleman, Robin"]
[Black "Eboue, Yuri"]
[Result "0-1"]
[WhiteElo "1127"]
[BlackElo "1273"]
[PlyCount "104"]
[EventDate "2019.??.??"]

1. e4 c6 2. d4 d5 3. exd5 cxd5 4. Nc3 Bf5 5. Bb5+ Nc6 6. Nf3 e6 7. Bf4 Bd6 8.
Ne5 Nge7 9. Qh5 Bg6 10. Qh4 O-O 11. O-O-O a6 12. Bxc6 Nxc6 13. Qxd8 Rfxd8 14.
Nxg6 hxg6 15. Bg3 b5 16. Ne2 Rac8 17. a3 a5 18. Rd3 b4 19. a4 Ne7 20. Bxd6 Rxd6
21. b3 Rdc6 22. Rd2 Nf5 23. g3 Nh6 24. h3 f6 25. g4 Nf7 26. h4 Nd6 27. f3 Kf7
28. h5 g5 29. h6 Rh8 30. h7 Kg6 31. f4 Rxh7 32. Rxh7 Kxh7 33. fxg5 Ne4 34. Rd1
Nxg5 35. Rh1+ Kg8 36. Nf4 Nf3 37. Ne2 Kf7 38. Kb2 Rc8 39. c3 bxc3+ 40. Nxc3
Nxd4 41. Rd1 Nc6 42. Nb5 Ke7 43. Rc1 Kd7 44. Rh1 e5 45. Rh7 Rg8 46. Kc3 Nb4 47.
Na3 Ke6 48. Nc2 Rc8+ 49. Kd2 Rxc2+ 50. Ke3 d4+ 51. Ke4 d3 52. Ke3 Re2+ 0-1

[Event "Tournoi Accession REUNION 2019"]
[Site "Le TAMPON- BRAS PANON- SAINT D"]
[Date "2019.06.08"]
[Round "2.14"]
[White "Ova, Roberto"]
[Black "Bosi-Lagarde, Arthur"]
[Result "1-0"]
[WhiteElo "1260"]
[BlackElo "1118"]
[PlyCount "111"]
[EventDate "2019.??.??"]

1. d4 e6 2. c4 b6 3. e4 Bb7 4. Nc3 Bb4 5. d5 Qf6 6. Qc2 Qg6 7. Nf3 exd5 8. cxd5
Bxd5 9. Bd2 Bxc3 10. Qxc3 Qxe4+ 11. Be2 Qg6 12. O-O Nc6 13. Bd3 Qf6 14. Rae1+
Be6 15. Qc2 Nge7 16. Bg5 Nd4 17. Nxd4 Qxd4 18. Re4 Qd5 19. Bxe7 Kxe7 20. Be2
Kd8 21. Bf3 Qf5 22. Rc1 Rc8 23. Qc3 Rg8 24. Rd4 c6 25. Qa3 Qe5 26. Rcd1 Qa5 27.
Ra4 Qe5 28. Rxa7 Re8 29. Ra8 Rb8 30. Bxc6 Bd5 31. Rxb8+ Qxb8 32. Bxd5 Qe5 33.
h3 Qe2 34. Bf3 Qe6 35. Qd6 Qxd6 36. Rxd6 Re6 37. Rxe6 fxe6 38. Kf1 d5 39. Ke2
Kd7 40. Kd3 Kd6 41. Bxd5 Kxd5 42. a4 e5 43. f3 g5 44. b4 Kc6 45. Kc4 Kd6 46. a5
bxa5 47. bxa5 Kc6 48. a6 Kb6 49. Kd5 Kxa6 50. Kxe5 Kb6 51. Kf5 Kc6 52. Kxg5 Kd6
53. Kh6 Ke5 54. Kxh7 Kf6 55. h4 Kf7 56. h5 1-0

[Event "Tournoi Accession REUNION 2019"]
[Site "Le TAMPON- BRAS PANON- SAINT D"]
[Date "2019.06.08"]
[Round "2.15"]
[White "Lenoury, Djalil"]
[Black "Eboue, Ihona"]
[Result "1-0"]
[WhiteElo "1099"]
[BlackElo "1259"]
[PlyCount "71"]
[EventDate "2019.??.??"]

1. d4 f5 2. e4 fxe4 3. Qh5+ g6 4. Be2 Nf6 5. Qh3 d5 6. Qh4 Nbd7 7. Bg5 Bg7 8.
f3 c6 9. Nc3 exf3 10. Nxf3 h6 11. Be3 Nb6 12. Ne5 Bf5 13. Bd3 Bxd3 14. cxd3 g5
15. Qh3 Qc7 16. Qf5 Kf8 17. Rc1 Rg8 18. Qe6 Ke8 19. Nb5 Qb8 20. O-O Rf8 21. Ng6
Rf7 22. Rce1 Qd8 23. Ne5 Rf8 24. Bf2 cxb5 25. Qf5 Qc7 26. Qg6+ Kd8 27. Qxg7 Re8
28. Bg3 Qc2 29. Nf7+ Kd7 30. Ne5+ Kd8 31. Qf7 Nc8 32. Qe6 Nd6 33. Rxf6 Qc8 34.
Qxd5 Rb8 35. Nf7+ Kd7 36. Rxd6+ 1-0

[Event "Tournoi Accession REUNION 2019"]
[Site "Le TAMPON- BRAS PANON- SAINT D"]
[Date "2019.06.08"]
[Round "2.16"]
[White "Giraud, Dimitri"]
[Black "Grasperge, Evelyne"]
[Result "0-1"]
[WhiteElo "1199"]
[BlackElo "1037"]
[PlyCount "48"]
[EventDate "2019.??.??"]

1. e4 d5 2. Nc3 d4 3. Nd5 e5 4. Nf3 Nc6 5. Nb4 Bxb4 6. Nxe5 Qe7 7. Nf3 Bg4 8.
c3 Qxe4+ 9. Be2 Bc5 10. d3 Qe7 11. Bg5 f6 12. Bf4 dxc3 13. bxc3 Bxf3 14. gxf3
g5 15. Be3 Kd7 16. f4 gxf4 17. Bxf4 f5 18. d4 Bb6 19. c4 Ba5+ 20. Bd2 Bxd2+ 21.
Qxd2 Nf6 22. Rb1 Qe4 23. O-O Rag8+ 24. Bg4 Rxg4# 0-1

[Event "Tournoi Accession REUNION 2019"]
[Site "Le TAMPON- BRAS PANON- SAINT D"]
[Date "2019.06.08"]
[Round "2.17"]
[White "Ycard, Faustine"]
[Black "Landry, Paul"]
[Result "0-1"]
[WhiteElo "1010"]
[BlackElo "1199"]
[PlyCount "94"]
[EventDate "2019.??.??"]

1. e4 d5 2. exd5 Qxd5 3. Nc3 Qa5 4. d4 c6 5. Nf3 Bg4 6. Be2 Nf6 7. O-O Nbd7 8.
Bf4 e5 9. dxe5 Bxf3 10. Bxf3 Nxe5 11. Qe1 Bd6 12. Rd1 O-O-O 13. a3 Nxf3+ 14.
gxf3 Bxf4 15. Ne2 Qxe1 16. Rfxe1 Rxd1 17. Rxd1 Be5 18. Nc1 Bxb2 19. Nd3 Bxa3
20. Ne5 Rf8 21. Nc4 Bc5 22. Ne5 Rd8 23. Nd3 a5 24. Ra1 Bb4 25. Ne5 Bc3 26. Ra4
Bxe5 27. Rxa5 Bc7 28. Ra8+ Bb8 29. Kg2 Nd5 30. Ra4 Nf4+ 31. Kg3 Ne2+ 32. Kg2 b5
33. Re4 Nf4+ 34. Kg3 Nh5+ 35. Kg2 Rd2 36. Re8+ Kc7 37. Re7+ Kb6 38. c3 Rc2 39.
Re8 Bf4 40. Re4 Rxc3 41. h3 c5 42. Kf1 b4 43. Ke2 b3 44. Re7 Rc2+ 45. Kd3 c4+
46. Kd4 b2 47. Rxf7 b1=Q 0-1

[Event "Tournoi Accession REUNION 2019"]
[Site "Le TAMPON- BRAS PANON- SAINT D"]
[Date "2019.06.08"]
[Round "2.18"]
[White "Razafindrakoto, Sergio"]
[Black "Mohamed, Keziah"]
[Result "1-0"]
[WhiteElo "1199"]
[BlackElo "1034"]
[PlyCount "70"]
[EventDate "2019.??.??"]

1. d3 e5 2. Nf3 Nc6 3. c4 Nf6 4. g3 Be7 5. Bg2 O-O 6. O-O d5 7. Nc3 d4 8. Ne4
Nxe4 9. dxe4 b6 10. a3 Bb7 11. b4 Bf6 12. e3 Ne7 13. Ne1 c5 14. f4 Nc8 15. Qc2
Re8 16. Nd3 Qe7 17. exd4 exf4 18. e5 Bxg2 19. Qxg2 Rb8 20. Bxf4 Bg5 21. Rae1
Bxf4 22. Rxf4 cxb4 23. axb4 a5 24. d5 a4 25. Rh4 a3 26. Ra1 Ra8 27. d6 Qa7 28.
Qc6 Rd8 29. Qd5 b5+ 30. c5 Ne7 31. Qb3 Qa4 32. Qxa4 bxa4 33. dxe7 Rxd3 34. b5
Re8 35. Rxa4 Ra8 1-0

[Event "Tournoi Accession REUNION 2019"]
[Site "Le TAMPON- BRAS PANON- SAINT D"]
[Date "2019.06.08"]
[Round "3.1"]
[White "Larmet, Nino"]
[Black "Dace, Jean Emeric"]
[Result "1-0"]
[WhiteElo "1553"]
[BlackElo "1650"]
[PlyCount "53"]
[EventDate "2019.??.??"]

1. d4 d5 2. f4 Nf6 3. Nf3 e6 4. e3 Nbd7 5. Bd3 c5 6. c3 Be7 7. O-O cxd4 8. exd4
Nf8 9. Nbd2 Ng6 10. Ne5 Nd7 11. Qh5 Ndxe5 12. fxe5 Bg5 13. Bb5+ Kf8 14. Nf3
Bxc1 15. Raxc1 h6 16. g3 Bd7 17. Bd3 Kg8 18. Bxg6 fxg6 19. Qxg6 Be8 20. Qxe6+
Bf7 21. Qf5 Qe8 22. Rce1 Bg6 23. Qf4 Kh7 24. Nh4 Be4 25. Rxe4 dxe4 26. Qxe4+
Kg8 27. Ng6 1-0

[Event "Tournoi Accession REUNION 2019"]
[Site "Le TAMPON- BRAS PANON- SAINT D"]
[Date "2019.06.08"]
[Round "3.2"]
[White "Pun Chung, Leo"]
[Black "Padre, Maxime"]
[Result "1/2-1/2"]
[WhiteElo "1629"]
[BlackElo "1499"]
[PlyCount "112"]
[EventDate "2019.??.??"]

1. e4 d5 2. exd5 Nf6 3. d4 Nxd5 4. c4 Nb6 5. Nf3 g6 6. Nc3 Bg7 7. c5 N6d7 8.
Bc4 O-O 9. O-O b6 10. Be3 bxc5 11. dxc5 Na6 12. Qa4 Naxc5 13. Bxc5 Nxc5 14. Qc6
Nb7 15. Rad1 Qe8 16. Qxc7 Nd6 17. Bd5 Bxc3 18. Bxa8 Bxb2 19. Rfe1 Qa4 20. Qxe7
Nf5 21. Qe4 Qxe4 22. Rxe4 Ba6 23. Bd5 Kg7 24. Bb3 Bb7 25. Rf4 Rc8 26. h3 Bc1
27. Rc4 Rxc4 28. Bxc4 Ba3 29. Ne5 Nd6 30. Bd5 Ba6 31. Nc6 Bc5 32. Rc1 Bb6 33.
Rc3 Bb7 34. Ne7 Kf8 35. Bxb7 Kxe7 36. Bd5 f6 37. Kf1 g5 38. Ke2 h5 39. g3 Nf5
40. Rc8 h4 41. gxh4 Nxh4 42. Rh8 Nf5 43. Be4 Nd4+ 44. Kd3 f5 45. Bb7 Kf6 46.
Bd5 Ke5 47. Bc4 Kf4 48. h4 a5 49. Rh6 Bc5 50. Ra6 Nf3 51. Bd5 Ne5+ 52. Ke2 Bb4
53. Be6 Ng6 54. Ra7 Nxh4 55. Rf7 Bc3 56. Rf8 Bb4 1/2-1/2

[Event "Tournoi Accession REUNION 2019"]
[Site "Le TAMPON- BRAS PANON- SAINT D"]
[Date "2019.06.08"]
[Round "3.3"]
[White "Grondin, Marine"]
[Black "Frelicot, Eric"]
[Result "1-0"]
[WhiteElo "1412"]
[BlackElo "1625"]
[PlyCount "100"]
[EventDate "2019.??.??"]

1. e4 g6 2. d4 Bg7 3. c4 d6 4. Nc3 f5 5. Nf3 Nf6 6. Bd3 fxe4 7. Nxe4 Nbd7 8.
Neg5 Nf8 9. Be3 h6 10. Ne4 Be6 11. Rc1 Bf7 12. b4 Ng4 13. a3 Nxe3 14. fxe3 Nd7
15. O-O Nf6 16. Qc2 Rg8 17. Nxf6+ Bxf6 18. Nd2 Qd7 19. Ne4 O-O-O 20. Nxf6 exf6
21. Rxf6 Qe7 22. Rf3 g5 23. Rcf1 Bh5 24. Rg3 Rgf8 25. Bf5+ Kb8 26. Qe4 Qxe4 27.
Bxe4 Be2 28. Rf2 Bxc4 29. Rgf3 Rxf3 30. Rxf3 a5 31. bxa5 Re8 32. Bg6 Re7 33.
Kf2 Ka7 34. Rh3 Re6 35. Bf5 Rf6 36. e4 d5 37. Rf3 dxe4 38. Bxe4 Rd6 39. Ke3 Ka6
40. Rf5 c6 41. Rc5 Bd5 42. Kd3 b6 43. axb6 Kxb6 44. a4 Rd7 45. a5+ Kb7 46. Bxd5
cxd5 47. Kc3 Rd6 48. Kb4 Ka6 49. Rb5 Ka7 50. Kc5 Rd8 1-0

[Event "Tournoi Accession REUNION 2019"]
[Site "Le TAMPON- BRAS PANON- SAINT D"]
[Date "2019.06.08"]
[Round "3.4"]
[White "Fondrat, Johan"]
[Black "Play, Gilles"]
[Result "1/2-1/2"]
[WhiteElo "1404"]
[BlackElo "1563"]
[PlyCount "75"]
[EventDate "2019.??.??"]

1. e4 e5 2. Nf3 Nc6 3. Bc4 Nf6 4. d3 Be7 5. O-O d6 6. Be3 O-O 7. h3 Na5 8. Bb3
Nxb3 9. axb3 b6 10. Nbd2 Bb7 11. Re1 Re8 12. Nf1 h6 13. Ng3 Nh7 14. Nh2 Bg5 15.
Rf1 a5 16. f4 exf4 17. Bxf4 Bxf4 18. Rxf4 Qg5 19. Qf3 f6 20. Qf2 Bc8 21. Ra3
Qc5 22. Qxc5 dxc5 23. Nf3 g5 24. Rf5 Bxf5 25. Nxf5 h5 26. Kf2 Kf7 27. Nd2 Nf8
28. Nc4 Ne6 29. Nfe3 c6 30. Nd6+ Kg6 31. Nxe8 Rxe8 32. Nc4 Rb8 33. Ra1 Nd4 34.
Rc1 f5 35. exf5+ Kxf5 36. Nd2 Re8 37. Ne4 Re6 38. Ng3+ 1/2-1/2

[Event "Tournoi Accession REUNION 2019"]
[Site "Le TAMPON- BRAS PANON- SAINT D"]
[Date "2019.06.08"]
[Round "3.5"]
[White "Le Maguet, Loan"]
[Black "Neu, Jeannot"]
[Result "1-0"]
[WhiteElo "1563"]
[BlackElo "1741"]
[PlyCount "53"]
[EventDate "2019.??.??"]

1. e4 c6 2. d3 d5 3. Nd2 Nf6 4. Ngf3 dxe4 5. dxe4 Bg4 6. g3 Nxe4 7. Bg2 Nxd2 8.
Bxd2 Nd7 9. O-O e6 10. Bc3 Qc7 11. Qe1 O-O-O 12. a4 h5 13. a5 a6 14. h3 Bxf3
15. Bxf3 h4 16. g4 Bc5 17. Kg2 e5 18. Qe4 f6 19. b4 Bd6 20. Bd2 c5 21. b5 axb5
22. a6 bxa6 23. Rxa6 Nb8 24. Qa8 e4 25. Bxe4 Rde8 26. Bf5+ Kd8 27. Ba5 1-0

[Event "Tournoi Accession REUNION 2019"]
[Site "Le TAMPON- BRAS PANON- SAINT D"]
[Date "2019.06.08"]
[Round "3.6"]
[White "Desire, Michael"]
[Black "Eric Andriana, Fitia"]
[Result "0-1"]
[WhiteElo "1687"]
[BlackElo "1339"]
[PlyCount "80"]
[EventDate "2019.??.??"]

1. e4 e5 2. d4 f6 3. dxe5 Nc6 4. exf6 Nxf6 5. Nc3 Bb4 6. Bd3 d6 7. h3 Ne5 8. f4
Nc6 9. Be3 Be6 10. Nf3 Qd7 11. Qe2 O-O-O 12. a3 Bc5 13. b4 Bxe3 14. Qxe3 Rhe8
15. b5 Na5 16. Qxa7 Nc6 17. bxc6 Qxc6 18. Qd4 Nxe4 19. Nxe4 Bf5 20. O-O Bxe4
21. Bxe4 Rxe4 22. Qa7 b6 23. Ng5 Ra4 24. Qxa4 Qxa4 25. Ne6 Qc6 26. f5 Re8 27.
Rae1 Qd7 28. Nd4 Rxe1 29. Rxe1 Qa4 30. Ne6 Qxc2 31. Rf1 Qb2 32. Rf3 h6 33. Rg3
Qb1+ 34. Kh2 Qxf5 35. Nxg7 Qe5 36. h4 Kb7 37. Kh3 c5 38. Rg6 b5 39. Kg4 c4 40.
Nf5 Qe4+ 0-1

[Event "Tournoi Accession REUNION 2019"]
[Site "Le TAMPON- BRAS PANON- SAINT D"]
[Date "2019.06.08"]
[Round "3.7"]
[White "Fondrat, Thierry"]
[Black "Guillot, Tristan"]
[Result "1-0"]
[WhiteElo "1407"]
[BlackElo "1154"]
[PlyCount "59"]
[EventDate "2019.??.??"]

1. d4 d5 2. c4 g6 3. Nc3 dxc4 4. e3 Bg7 5. Bxc4 Nc6 6. Nf3 e5 7. d5 Nce7 (7...
a6 8. d6) 8. e4 Bg4 9. h3 Bxf3 10. Qxf3 Nf6 11. Bg5 Nc8 12. O-O Nd6 13. Bd3 O-O
14. Qe3 Qd7 15. f4 Rfe8 16. Be2 h6 17. Bxf6 Bxf6 18. Bg4 Qe7 19. f5 h5 20. Be2
Qd7 21. Qg3 Kh8 22. fxg6 fxg6 23. Qxg6 Qg7 24. Qxh5+ Kg8 25. Bg4 Be7 26. Be6+
Nf7 27. Rf3 Bc5+ 28. Kh1 Re7 29. Raf1 b6 30. Ne2 1-0

[Event "Tournoi Accession REUNION 2019"]
[Site "Le TAMPON- BRAS PANON- SAINT D"]
[Date "2019.06.08"]
[Round "3.8"]
[White "Guillot, Yoann"]
[Black "Laoussing, Mathis"]
[Result "0-1"]
[WhiteElo "1120"]
[BlackElo "1392"]
[PlyCount "44"]
[EventDate "2019.??.??"]

1. b3 e5 2. Bb2 Nc6 3. e3 d5 4. Nf3 Bg4 5. Be2 Bd6 6. c4 Nf6 7. a3 e4 8. Nd4
Bxe2 9. Nxe2 Ne5 10. Nc1 dxc4 11. bxc4 Nxc4 12. Qb3 Nxb2 13. Qxb2 b6 14. Nc3
O-O 15. d4 c5 16. Na4 cxd4 17. Qxd4 Qc7 18. O-O Bxh2+ 19. Kh1 Be5 20. Qd2 Bxa1
21. Nb3 Ng4 22. g3 Qc6 0-1

[Event "Tournoi Accession REUNION 2019"]
[Site "Le TAMPON- BRAS PANON- SAINT D"]
[Date "2019.06.08"]
[Round "3.9"]
[White "Payet, Thomas"]
[Black "Lenoury, Djalil"]
[Result "1-0"]
[WhiteElo "1372"]
[BlackElo "1099"]
[PlyCount "82"]
[EventDate "2019.??.??"]

1. Nf3 d5 2. d4 Nc6 3. c4 Nf6 4. Nc3 Bg4 5. e3 e6 6. a3 Be7 7. Be2 Bf5 8. Ne5
Nxe5 9. dxe5 Nd7 10. cxd5 Nxe5 11. dxe6 fxe6 12. f4 Nc6 13. Qb3 a6 14. Qxb7 Na5
15. Qf3 Bd3 16. Bxd3 Qxd3 17. Qxa8+ Bd8 18. Qb8 O-O 19. Qb4 c5 20. Qe4 Qd6 21.
O-O Qe7 22. b4 Nb3 23. Rb1 cxb4 24. axb4 Nxc1 25. Rbxc1 a5 26. b5 e5 27. fxe5
Rxf1+ 28. Rxf1 Qc5 29. Qd5+ Qxd5 30. Nxd5 a4 31. b6 Bxb6 32. Nxb6 a3 33. e6 a2
34. Rd1 Kf8 35. Ra1 Ke7 36. Rxa2 Kxe6 37. Nd7 g5 38. Nf8+ Kf7 39. Nxh7 g4 40.
Nf6 Ke7 41. Nxg4 Ke8 1-0

[Event "Tournoi Accession REUNION 2019"]
[Site "Le TAMPON- BRAS PANON- SAINT D"]
[Date "2019.06.08"]
[Round "3.10"]
[White "Eboue, Yuri"]
[Black "Erudel, Irina"]
[Result "1-0"]
[WhiteElo "1273"]
[BlackElo "1009"]
[PlyCount "99"]
[EventDate "2019.??.??"]

1. e4 e6 2. d4 d5 3. Nd2 c5 4. c3 Nc6 5. Bb5 Bd7 6. Bxc6 Bxc6 7. e5 Ne7 8. Ne2
Nf5 9. Ng3 Nh4 10. Rg1 c4 11. Nf3 Rc8 12. Bd2 g6 13. Ng5 Qe7 14. Nh3 Bg7 15.
Bg5 Qf8 16. Bxh4 f6 17. exf6 Bxf6 18. Bxf6 Qxf6 19. f3 Qh4 20. Qe2 O-O 21.
Qxe6+ Rf7 22. Qxc8+ Rf8 23. Qe6+ Rf7 24. O-O-O Bd7 25. Qxd5 Qe7 26. Rde1 Qf8
27. Ng5 Bc6 28. Qxf7+ Qxf7 29. Nxf7 Kxf7 30. Re3 h5 31. Rge1 h4 32. Re7+ Kf8
33. Nf1 g5 34. Rc7 Bb5 35. Ree7 (35. Nd2) 35... a6 36. Rxb7 Bc6 37. Ra7 a5 38.
Rec7 Be8 39. Ra8 g4 40. Rcc8 Ke7 41. Rxe8+ Kf7 42. Re5 gxf3 43. gxf3 h3 44. Re4
a4 45. a3 Kg7 46. Ra5 Kf7 47. Rf5+ Kg6 48. Ng3 Kh6 49. Rg4 Kh7 50. Rh5# 1-0

[Event "Tournoi Accession REUNION 2019"]
[Site "Le TAMPON- BRAS PANON- SAINT D"]
[Date "2019.06.08"]
[Round "3.11"]
[White "Grasperge, Evelyne"]
[Black "Ova, Roberto"]
[Result "0-1"]
[WhiteElo "1037"]
[BlackElo "1260"]
[PlyCount "104"]
[EventDate "2019.??.??"]

1. c4 c5 2. Nc3 Nc6 3. g3 Nf6 4. Bg2 e6 5. e4 d5 6. d3 dxc4 7. Bg5 Qxd3 8. Bxf6
gxf6 9. f4 Nd4 10. Qxd3 cxd3 11. Kd2 c4 12. Nf3 Nxf3+ 13. Bxf3 Bb4 14. Rhe1 b5
15. g4 Bb7 16. f5 e5 17. Rac1 a6 18. b3 Ke7 19. Re3 a5 20. Kd1 Bxc3 21. Rxc3
Ba6 22. Kd2 b4 23. Rc1 c3+ 24. Kd1 Rhd8 25. Bg2 d2 26. Rc2 Bd3 27. Rxd3 Rxd3
28. h3 Re3 29. Rxd2 cxd2 30. Kxd2 Rg3 31. Bf1 Rd8+ 32. Ke2 Rd4 33. h4 Rxe4+ 34.
Kf2 Ree3 35. h5 h6 36. Be2 Rc3 37. Ke1 Rc2 38. Kf2 Rxe2+ 39. Kxg3 Rxa2 40. Kf3
Rb2 41. Ke3 Rxb3+ 42. Kd2 Rg3 43. Kc2 a4 44. Kd2 b3 45. Ke2 Rxg4 46. Kf3 Rb4
47. Ke3 b2 48. Kd3 b1=Q+ 49. Kd2 Rb3 50. Ke2 Qd3+ 51. Kf2 Rb2+ 52. Ke1 Qe2# 0-1

[Event "Tournoi Accession REUNION 2019"]
[Site "Le TAMPON- BRAS PANON- SAINT D"]
[Date "2019.06.08"]
[Round "3.12"]
[White "Landry, Paul"]
[Black "Erudel, Maeva"]
[Result "1/2-1/2"]
[WhiteElo "1199"]
[BlackElo "1009"]
[PlyCount "126"]
[EventDate "2019.??.??"]

1. e4 e6 2. Nf3 d5 3. exd5 exd5 4. d4 Bd6 5. Nc3 Nf6 6. Bg5 c6 7. Bxf6 Qxf6 8.
Be2 O-O 9. O-O Re8 10. Re1 Bg4 11. h3 Bh5 12. g4 Bg6 13. Bd3 Rxe1+ 14. Nxe1
Bxd3 15. Qxd3 Qd8 16. Nf3 Qc7 17. Re1 Nd7 18. Kf1 Nf6 19. Ne5 Re8 20. Qg3 Nd7
21. f4 f6 (21... Nf6) 22. Nxd7 Rxe1+ 23. Qxe1 Qxd7 24. f5 g6 25. fxg6 hxg6 26.
a3 f5 27. g5 f4 28. h4 Qh3+ 29. Ke2 f3+ 30. Kd1 Bg3 31. Qe8+ Kh7 32. Qf7+ Kh8
33. Qf8+ Kh7 34. Qh6+ Kg8 35. Qxg6+ Kf8 36. Qf6+ Ke8 37. Qh8+ Ke7 38. Qh7+ Ke6
39. Qh6+ Kf5 40. Qf6+ Kg4 41. Qe6+ Kxh4 42. Qh6+ Kg4 43. Qxh3+ Kxh3 44. g6 f2
45. Ke2 Kg2 46. g7 f1=Q+ 47. Kd2 Qf7 48. Nd1 Qxg7 49. Ne3+ Kf2 50. Nd1+ Kf3 51.
c3 Bf4+ 52. Kc2 Qg2+ 53. Kb3 b6 54. c4 Qd2 55. Nc3 Qxd4 56. cxd5 (56. Nxd5 cxd5
) 56... cxd5 57. a4 a6 58. Ka2 Qc4+ 59. Kb1 b5 60. axb5 axb5 61. Kc2 b4 62. Kd1
bxc3 63. bxc3 Qxc3 1/2-1/2

[Event "Tournoi Accession REUNION 2019"]
[Site "Le TAMPON- BRAS PANON- SAINT D"]
[Date "2019.06.08"]
[Round "3.13"]
[White "Jeanne, Evane"]
[Black "Razafindrakoto, Sergio"]
[Result "0-1"]
[WhiteElo "1009"]
[BlackElo "1199"]
[PlyCount "64"]
[EventDate "2019.??.??"]

1. e4 e5 2. Nf3 Nf6 3. Nc3 Nc6 4. Bc4 Bb4 5. d3 d6 6. O-O O-O 7. Bg5 Bxc3 8.
bxc3 Be6 9. Bb5 Ne7 10. d4 Nxe4 11. Qd3 Bf5 12. Qe3 c6 13. Bd3 Nd5 14. Qc1 f6
15. Bxf6 Qxf6 16. Rb1 Ndxc3 17. Rxb7 exd4 18. Re1 Nc5 19. Rc7 Bxd3 20. Qd2 N3e4
21. cxd3 Nxd2 22. Nxd2 Rfe8 23. Rf1 Rab8 24. g4 Qg5 25. h3 Qxd2 26. Kg2 Qxd3
27. f3 Rb2+ 28. Kg3 g5 29. h4 Qxf1 30. hxg5 Qg2+ 31. Kf4 Rf8+ 32. Rf7 Rxf7# 0-1

[Event "Tournoi Accession REUNION 2019"]
[Site "Le TAMPON- BRAS PANON- SAINT D"]
[Date "2019.06.08"]
[Round "3.14"]
[White "Gallais, Flavien"]
[Black "Cavillot-Delestage, Raphael"]
[Result "1-0"]
[WhiteElo "1275"]
[BlackElo "1035"]
[PlyCount "91"]
[EventDate "2019.??.??"]

1. e4 e5 2. Nf3 Nc6 3. d4 exd4 4. Nxd4 Nxd4 5. Qxd4 c5 6. Qc4 a6 7. e5 b5 8.
Qe4 Rb8 9. c3 Qe7 10. Bf4 Bb7 11. Qc2 Rc8 12. Be2 Bxg2 13. Rg1 Bd5 14. Nd2 f6
15. O-O-O fxe5 16. Rde1 Qf6 17. Bg3 Ne7 18. f3 g6 19. Bd1 d6 20. b3 Bh6 21. Kb1
Bg7 22. c4 e4 23. Kc1 bxc4 24. bxc4 exf3 25. Rgf1 Bc6 26. Bxf3 O-O 27. Bxc6
Qa1+ 28. Qb1 Rxc6 29. Qxa1 Bxa1 30. Rxf8+ Kxf8 31. Ne4 Nf5 32. Rf1 Ke7 33. Kd2
Bd4 34. Re1 Kd7 35. Rb1 Kc7 36. Bf4 h6 37. h4 Be5 38. Rf1 Bxf4+ 39. Rxf4 Rb6
40. Nc3 Rb2+ 41. Kc1 Rh2 42. a4 Nxh4 43. a5 g5 44. Nd5+ Kc6 45. Rf7 g4 46. Rc7#
1-0

[Event "Tournoi Accession REUNION 2019"]
[Site "Le TAMPON- BRAS PANON- SAINT D"]
[Date "2019.06.08"]
[Round "3.15"]
[White "Parame, Bruno"]
[Black "Leonardy, Batiste"]
[Result "0-1"]
[WhiteElo "1399"]
[BlackElo "1147"]
[PlyCount "62"]
[EventDate "2019.??.??"]

1. d4 Nf6 2. Nc3 d5 3. Nf3 e6 4. e3 c5 5. Bd3 Nc6 6. b3 a6 7. Ba3 Qa5 8. Bb2 c4
9. bxc4 dxc4 10. Bxc4 Ne4 11. Qd3 Bb4 12. O-O Bxc3 13. Qxe4 f5 14. Qd3 Bxb2 15.
Rab1 Ba3 16. Ng5 Ke7 17. c3 b5 18. Bb3 h6 19. Nf3 Rd8 20. Ne5 Nxe5 21. e4 Nxd3
22. exf5 exf5 23. d5 Bb7 24. Bc2 Qxc3 25. Bb3 Bxd5 26. Bd1 Bc5 27. Bh5 Qc2 28.
h4 Nxf2 29. Rbe1+ Kf6 30. Kh2 Ng4+ 31. Bxg4 Qxg2# 0-1

[Event "Tournoi Accession REUNION 2019"]
[Site "Le TAMPON- BRAS PANON- SAINT D"]
[Date "2019.06.08"]
[Round "3.16"]
[White "Eboue, Ihona"]
[Black "Alleman, Robin"]
[Result "1-0"]
[WhiteElo "1259"]
[BlackElo "1127"]
[PlyCount "51"]
[EventDate "2019.??.??"]

1. d4 Nf6 2. Bf4 g6 3. Nf3 Bg7 4. e3 d6 5. Bd3 O-O 6. h3 Nbd7 7. Nbd2 Ne8 8. c3
e5 9. Bh2 Qe7 10. dxe5 dxe5 11. O-O Nc5 12. Bc4 e4 13. Nd4 Be6 14. Nxe6 Nxe6
15. Nxe4 Nc5 16. Nxc5 Qxc5 17. Qb3 Rb8 18. Rad1 Nf6 19. Rd2 b5 20. Bd5 Rfd8 21.
Bxf7+ Kf8 22. Rfd1 Rxd2 23. Rxd2 a5 24. a3 a4 25. Qa2 c6 26. Bxb8 1-0

[Event "Tournoi Accession REUNION 2019"]
[Site "Le TAMPON- BRAS PANON- SAINT D"]
[Date "2019.06.08"]
[Round "3.17"]
[White "Ycard, Faustine"]
[Black "Giraud, Dimitri"]
[Result "1/2-1/2"]
[WhiteElo "1010"]
[BlackElo "1199"]
[PlyCount "52"]
[EventDate "2019.??.??"]

1. e4 e5 2. Nf3 Nc6 3. Bc4 Nf6 4. Nc3 Bc5 5. O-O d6 6. d3 O-O 7. Bg5 Qe8 8. Qe1
Bg4 9. Nd2 Nd4 10. Qb1 Ne2+ 11. Nxe2 Bxe2 12. Re1 Bg4 13. h3 Be6 14. Qd1 Bxc4
15. Nxc4 d5 16. Nd2 Rd8 17. Qf3 Nd7 18. Bxd8 Qxd8 19. exd5 Bb4 20. Re2 Qb8 21.
Ne4 (21. Nc4 e4) 21... b5 22. Qh5 g6 23. Ng5 gxh5 24. Re4 f6 25. Nf3 Qe8 26.
Rxb4 a6 1/2-1/2

[Event "Tournoi Accession REUNION 2019"]
[Site "Le TAMPON- BRAS PANON- SAINT D"]
[Date "2019.06.08"]
[Round "5.1"]
[White "Pun Chung, Leo"]
[Black "Grondin, Marine"]
[Result "1-0"]
[WhiteElo "1629"]
[BlackElo "1412"]
[PlyCount "45"]
[EventDate "2019.??.??"]

1. e4 e6 2. d4 d5 3. e5 c5 4. c3 Nc6 5. Nf3 Qb6 6. Bd3 cxd4 7. cxd4 Bd7 8. O-O
Nxd4 9. Nbd2 Bc5 10. Nxd4 Bxd4 11. Qh5 Bb5 12. Bxb5+ Qxb5 13. Nf3 Bc5 14. Qg5
g6 15. Bd2 Ne7 16. Qf6 O-O 17. Nh4 Qxb2 18. Bh6 Bxf2+ 19. Rxf2 Qxa1+ 20. Rf1
Qd4+ 21. Kh1 Nf5 22. Nxf5 exf5 23. Qg7# 1-0

[Event "Tournoi Accession REUNION 2019"]
[Site "Le TAMPON- BRAS PANON- SAINT D"]
[Date "2019.06.08"]
[Round "5.2"]
[White "Le Maguet, Loan"]
[Black "Fondrat, Johan"]
[Result "0-1"]
[WhiteElo "1563"]
[BlackElo "1404"]
[PlyCount "88"]
[EventDate "2019.??.??"]

1. e4 e5 2. Nf3 Nc6 3. Bb5 Bc5 4. c3 Nge7 5. d4 exd4 6. cxd4 Bb4+ 7. Nbd2 d5 8.
e5 Bg4 9. O-O a6 10. Be2 O-O 11. Nb3 Na5 12. a3 Nxb3 13. Qxb3 Ba5 14. Bg5 Bb6
15. Rad1 Re8 16. h3 Bf5 17. Nh4 Be6 18. Qg3 Kh8 19. f4 h6 20. Bxe7 Qxe7 21. f5
Bd7 22. f6 Qf8 23. Bh5 Be6 24. fxg7+ Qxg7 25. Qxg7+ Kxg7 26. Rf6 Re7 27. Kf1
Rc8 28. b4 a5 29. Rd3 axb4 30. Be2 bxa3 31. Rg3+ Kf8 32. Ng6+ Ke8 33. Nxe7 Kxe7
34. Rxa3 Bxd4 35. Rxh6 Bxe5 36. Rb3 Rb8 37. Ba6 b6 38. Ke2 d4 39. Rb1 Ra8 40.
Bd3 Ra2+ 41. Kf3 Bd5+ 42. Be4 Ra3+ 43. Kf2 Bg3+ 44. Kf1 Bxe4 0-1

[Event "Tournoi Accession REUNION 2019"]
[Site "Le TAMPON- BRAS PANON- SAINT D"]
[Date "2019.06.08"]
[Round "5.3"]
[White "Laoussing, Mathis"]
[Black "Dace, Jean Emeric"]
[Result "0-1"]
[WhiteElo "1392"]
[BlackElo "1650"]
[PlyCount "78"]
[EventDate "2019.??.??"]

1. e4 e6 2. d4 d5 3. exd5 exd5 4. c4 Nf6 5. Nf3 Be7 6. Nc3 Bg4 7. Be2 dxc4 8.
Qa4+ Nbd7 9. Qxc4 O-O 10. O-O c6 11. Be3 Be6 12. Qd3 Nd5 13. a3 Re8 14. Nd2 Qc7
15. Rac1 Rad8 16. Nde4 Nf4 17. Bxf4 Qxf4 18. Qe3 Qb8 19. Bd3 Bf5 20. Qf3 Bg6
21. Ng3 Bxd3 22. Qxd3 Ne5 23. Qf5 Rxd4 24. Rfe1 Ng6 25. Nce4 Rd5 26. Qf3 Ne5
27. Qb3 Nd3 28. Nc3 Nxc1 29. Rxc1 Re5 30. Rd1 Qc8 31. Nce4 h5 32. Qc3 Bf8 33.
f4 Qg4 34. Rf1 Rxe4 35. Nxe4 Rxe4 36. f5 Re2 37. Qf3 Bc5+ 38. Kh1 Qxf3 39. gxf3
Rxb2 0-1